A KKV-k hitelhez jutásának kihívásai és a fintech szektor hatása a magyar hitelpiacra
| Szerző: | |
|---|---|
| További közreműködők: | |
| Dokumentumtípus: | TDK dolgozat |
| Kulcsszavak: | finanszírozási alternatívák kis- és középvállalkozás - KKV kis- és mikrovállalkozások kölcsönfelvétel lakossági hitelezés |
| Online Access: | http://dolgozattar.uni-bge.hu/60458 |
MARC
| LEADER | 00000nta a2200000 i 4500 | ||
|---|---|---|---|
| 001 | dolg60458 | ||
| 005 | 20260416073731.0 | ||
| 008 | 260416suuuu hu o 000 hun d | ||
| 040 | |a BGE Dolgozattár Repozitórium |b hun | ||
| 041 | |a hu | ||
| 100 | 1 | |a Fehér Dorottya | |
| 245 | 1 | 2 | |a A KKV-k hitelhez jutásának kihívásai és a fintech szektor hatása a magyar hitelpiacra |c Fehér Dorottya |h [elektronikus dokumentum] |
| 516 | |a Students_Scientific_Association_paper | ||
| 520 | 3 | |a Fehér Dorottya Konzulens: 7. félév Dr. Szabó Károly Gazdálkodási és menedzsment egyetemi docens BGE MK BGE MK A KKV-k hitelhez jutásának kihívásai és a fintech szektor hatása a magyar hitelpiacra A témám egyik fő kérdése a KKV-k helyzete Magyarországon, középpontban a hitelfelvétel és bármely finanszírozási formák használata. Mivel rengeteg vállalkozás van mindenféle szegmensben és ezek a cégek rengeteg embert alkalmaznak, így a KKV-k anyagi biztonsága több szempontból is nagyon fontos a gazdaságban. A főbb kérdése a kutatásnak pedig az, hogy a fintech szektor mennyire nyerhetne teret a magyar hitelpiacon és erre nyitottak lennének-e a vállalkozók a vállalkozásuk korai vagy már érett szakaszában. Emellett nem elhanyagolható az sem, hogy törvényileg mennyire valósulhatna ez meg, de a kutatásomban erre is kitérek. A kutatásomban kvalitatív és kvantitatív módszert is alkalmaztam. Tíz interjút készítettem mikrovállalkozások és középvállalkozások ügyvezetőivel. Félig strukturált interjúkat készítettem, amelyek célja az volt, hogy mélyebb, gyakorlati tapasztalatokon alapuló válaszokat kapjak a témában. Ezenfelül kvantitatív kérdőíves kutatást is végeztem, hogy számszerűsíthető adatokat gyűjtsek a hagyományos hitel felvételi folyamatokról és fintech szolgáltatások elterjedtségéről, megítéléséről, hatásáról a hazai hitelpiacon. Három releváns célcsoportom volt, a kis- és középvállalkozások (KKV-k), valamint a banki szektor dolgozói és a lakossági ügyfelek, így többoldalú perspektívát mutathatok be. Hipotéziseimre választ kapva, azt az eredményt kaptam, hogy a mikrovállalkozásoknak a vállalkozás korai szakaszában az átlagosnál is nehezebb hitelhez jutnia. De összességében elmondható, hogy a vállalkozások korai szakaszában halmozottan nehezebb a hiteligénylés folyamata. A másik hipotézisemre a kutatásom alapján azt az eredményt kaptam, hogy a fintech digitalizált pénzügyi szolgáltatások bár egészen dinamikusan fejlődnek Magyarországon, a hitelpiacon mégsem tűnik úgy, hogy meghatározó szerepük lenne belátható időn belül. A fogyasztók és a vállalkozók nagy része továbbra is a klasszikus banki szolgáltatásokhoz alkalmazkodna, főként a bizalom, a kockázatkerülés és a megszokás miatt. A fintech esetében sokszor hiányzik az elfogadott informáltság és szabályozási stabilitás, amely a tágabb körű elterjedéshez lenne szükséges. | |
| 695 | |a finanszírozási alternatívák | ||
| 695 | |a kis- és középvállalkozás - KKV | ||
| 695 | |a kis- és mikrovállalkozások | ||
| 695 | |a kölcsönfelvétel | ||
| 695 | |a lakossági hitelezés | ||
| 700 | 1 | |a Szabó Károly |e ths | |
| 856 | 4 | 0 | |u http://dolgozattar.uni-bge.hu/60458/1/TDK2025-Feh%C3%A9rDorottya.pdf |z Dokumentum-elérés |
| 856 | 4 | 0 | |u http://dolgozattar.uni-bge.hu/60458/2/TDKrez%C3%BCm%C3%A9-Feh%C3%A9rDorottya.pdf |z Dokumentum-elérés |
| 856 | 4 | 0 | |u http://dolgozattar.uni-bge.hu/60458/3/TDK2025-Feh%C3%A9rDorottya_b%C3%ADr%C3%A1lat.pdf |z Dokumentum-elérés |
| 856 | 4 | 0 | |u http://dolgozattar.uni-bge.hu/60458/4/Feher-Dorottya_TDK-Dolgozat_biralat_2025.pdf |z Dokumentum-elérés |